| 000 | 01011nam a2200253 a 4500 | ||
|---|---|---|---|
| 001 | 000002966 | ||
| 005 | 20200929150309.0 | ||
| 008 | 090706s2004 dr a 001 0 spa d | ||
| 020 | _a999346192X | ||
| 040 |
_aDO-SdBNP _bspa _cBNPHU |
||
| 082 |
_a174.957 _bG633b |
||
| 100 | 1 |
_aGómez Montero, Franklin _99049 |
|
| 245 | 1 | 0 |
_aBioética, una disciplina para la vida : _bfundamentos, métodos y prácticas alrededor de la salud, la conducta y la vida / _cFranklin Gómez Montero ; prólogo José Miguel Gómez Montero. |
| 260 |
_aSanto Domingo : _bBúho, _c2004. |
||
| 300 |
_a334 p. : _bil. ; _c23 cm. |
||
| 500 | _aIncluye datos biográficos del autor en la solapa de la cubierta. | ||
| 500 | _aLa biblioteca posee 3 ejemplares de la 2a. reimpresión. | ||
| 504 | _aBibliografías : p. 287-288 | ||
| 590 | _aInventariado, 2018/MFF | ||
| 650 | 4 |
_aBioética _9236 |
|
| 650 | 4 |
_aCiencia y ética _9237 |
|
| 700 | 1 |
_aGómez Montero, José Miguel, _epról. _99422 |
|
| 910 | _aValidado. Control de calidad MMOLINA | ||
| 999 |
_c2798 _d2798 |
||